• 首页
  • 本馆介绍
  • 公告通知
  • 最新文献
  • 馆藏检索
  • 电子资源
  • 读者导购
  • 参考咨询
  • 我的图书馆
  • 登录
  • 详细信息显示
  • 放入我的书架
  • 预约/预借图书
  • 作者相关作品
  • 分类相关作品
  • 丛书相关作品
  • 出版社相关作品

书目信息

  • 表格格式
  • 工作单格式
  • 卡片格式
题名:
谁搬迁了?
    
 
作者: 林志斌 著
分册:  
出版信息: 北京   社会科学文献出版社  2006
页数: 309页
开本: 22cm
丛书名:
单 册:
中图分类: D632.4
科图分类:
主题词: 不发达地区--移民问题--研究--中国 , 不发达地区 , 移民问题
电子资源:
ISBN: 7-80190-982-8
000 01225nam0 2200265 450
001 003127656
005 20070805175422.62
010    @a7-80190-982-8@dCNY28.00
100    @a20060119d2006 em y0chiy0110 ea
101 0  @achi@eeng
102    @aCN@b110000
105    @aa z 000yy
200 1  @a谁搬迁了?@9shei ban qian le ?@e自愿性移民扶贫项目的社会、经济和政策分析@dWho were resettled?@esocial, economic and policy assessment of voluntary resettlement for poverty reduction in China@f林志斌著@zeng
210    @a北京@c社会科学文献出版社@d2006
215    @a309页@c彩照@d22cm
330    @a本书从社会经济维度、政策维度和发展社会学维度三个方面,对中国自愿移民扶贫项目是否有效地实现了政府拟定的扶贫目标的问题进行了探讨。
510 1  @aWho were resettled?@esocial, economic and policy assessment of voluntary resettlement for poverty reduction in China@zeng
517 1  @a自愿性移民扶贫项目的社会、经济和政策分析@9zi yuan xing yi min fu pin xiang mu de she hui、 jing ji he zheng ce fen xi
606 0  @a不发达地区@x移民问题@x研究@y中国
606 0  @a不发达地区
606 0  @a移民问题
690    @aD632.4@v4
701  0 @a林志斌@9lin zhi bin@c(女,@f1968~)@4著
801  0 @aCN@bNLC@c20070805
905    @a10447@dD632.4@e129
    
    谁搬迁了?:自愿性移民扶贫项目的社会、经济和政策分析=Who were resettled?:social, economic and policy assessment of voluntary resettlement for poverty reduction in China/林志斌著.-北京:社会科学文献出版社,2006
    309页:彩照;22cm
    
    
    ISBN 7-80190-982-8:CNY28.00
    本书从社会经济维度、政策维度和发展社会学维度三个方面,对中国自愿移民扶贫项目是否有效地实现了政府拟定的扶贫目标的问题进行了探讨。
●
相关链接 在E读中查询图书 在五车中查询图书 在当当中查询图书 在豆瓣中查询图书


正题名:谁搬迁了?     索取号:D632.4/129         预约/预借

序号 登录号 条形码 馆藏地/架位号 状态 备注
1 0806179   208061791   第一样本阅览室/ [索取号:D632.4/129] 在馆    
2 0806180   208061808   第一借阅区/ [索取号:D632.4/129] 在馆    
3 0806181   208061817   第一借阅区/ [索取号:D632.4/129] 在馆    
4 0806182   208061826   第一借阅区/ [索取号:D632.4/129] 在馆    
5 0806183   208061835   第一借阅区/ [索取号:D632.4/129] 在馆    
6 0806184   208061844   第一借阅区/ [索取号:D632.4/129] 在馆    
7 0806185   208061853   第一借阅区/ [索取号:D632.4/129] 在馆    
8 0806186   208061862   第一借阅区/ [索取号:D632.4/129] 在馆    
9 0806187   208061871   第一借阅区/ [索取号:D632.4/129] 在馆    
10 0806188   208061880   第一借阅区/ [索取号:D632.4/129] 在馆    
唐山师范学院图书馆 欢迎您!
大连网信软件有限公司© 版权所有